24/25 Trendyol Süper Lig Teams - Statistics

General Stats
  • This quiz has been taken 305 times
  • The average score is 16 of 19
Answer Stats
# Teams % Correct
8 Fenerbahçe
99%
9 Galatasaray
99%
5 Beşiktaş
97%
19 Trabzonspor
95%
3 Antalyaspor
88%
1 Adana Demirspor
86%
4 Istanbul Başakşehir
85%
2 Alanyaspor
82%
7 Eyüpspor
80%
11 Göztepe
80%
10 Gaziantep FK
79%
12 Hatayspor
78%
15 Konyaspor
78%
16 Çaykur Rizespor
77%
18 Sivasspor
77%
6 Bodrum FK
76%
14 Kayserispor
76%
17 Samsunspor
75%
13 Kasımpaşa
71%
No matching quizzes found
Score Distribution
Percent of People with Each Score
Percentile by Number Answered
Your Score History
You have not taken this quiz